|
|
|
|
| LEADER |
02100njm a2200529 a 4500 |
| 001 |
000266376 |
| 003 |
CZ BrMZK |
| 005 |
19990101143423.0 |
| 008 |
980105s1999 xr f eng d |
| 028 |
0 |
3 |
|a SU 3412-2 132
|b Supraphon
|
| 028 |
0 |
3 |
|a SU 3413-2 132
|b Supraphon
|
| 040 |
|
|
|a BOA001
|b cze
|
| 080 |
|
|
|a 787.1.087.2(086.7)
|2 MRF
|
| 100 |
1 |
|
|a Martinů, Bohuslav,
|d 1890-1959
|7 jk01080381
|4 cmp
|
| 245 |
1 |
0 |
|a Works for violin and piano
|h [zvukový záznam].
|n 2 /
|c Bohuslav Martinů.
|
| 246 |
3 |
3 |
|a Sonata no. 2 for violin and piano
|
| 246 |
3 |
3 |
|a Sonata no. 3 for violin and piano
|
| 246 |
3 |
3 |
|a Sonatina G dur pro housle a klavír
|
| 246 |
3 |
3 |
|a Sonatina in G major for viola and piano
|
| 246 |
3 |
3 |
|a Sonáta pro housle a klavír č. 3
|
| 246 |
3 |
3 |
|a Sonáta č. 2 pro housle a klavír
|
| 246 |
3 |
3 |
|a Česká rapsodie pro housle a klavír
|
| 246 |
3 |
3 |
|a Arietta
|
| 246 |
3 |
3 |
|a Arietta for violin and piano
|
| 246 |
3 |
3 |
|a Czech rhapsody for violin and piano
|
| 246 |
3 |
3 |
|a Five madrigal stanzas for violin and piano
|
| 246 |
3 |
3 |
|a Intermezzo
|
| 246 |
3 |
3 |
|a Pět madrigalových stancí pro housle a klavír
|
| 246 |
3 |
3 |
|a Rhytmic études for violin and piano
|
| 246 |
3 |
3 |
|a Rytmické etudy pro housle a klavír
|
| 246 |
3 |
3 |
|a Sedm Arabesek pro housle a klavír
|
| 246 |
3 |
3 |
|a Seven arabesques
|
| 260 |
|
|
|a Praha :
|b Supraphon,
|c p1999
|
| 300 |
|
|
|a 2 CD :
|b DDD, stereo ;
|c 12 cm +
|e brožura (33 s.).
|
| 306 |
|
|
|a 004849
|a 006200
|
| 500 |
|
|
|a Text v brož. vícejaz.
|
| 500 |
|
|
|a Nahr. 1997, 1998
|
| 500 |
|
|
|a Durata 48:49, 62:00
|
| 505 |
2 |
|
|a Arietta for violin and piano, Sonata no. 2 for violin and piano, Seven arabesques ... [et al. ]
|
| 511 |
0 |
|
|a Bohuslav Matoušek, housle; Petr Adamec, klavír
|
| 653 |
0 |
|
|a housle
|a houslové sonatiny
|a houslové sonáty
|
| 700 |
1 |
|
|a Adamec, Petr,
|d 1941-
|7 jn20000620001
|4 prf
|
| 700 |
1 |
|
|a Matoušek, Bohuslav,
|d 1949-
|7 jn99240000693
|4 prf
|
| 910 |
|
|
|a BOA001
|b CD-0007.191,2
|
| 964 |
|
|
|a Housle a klavír
|x CD
|
| 990 |
|
|
|a AV
|
| 996 |
6 |
|
|b 261H007683
|c CD-0007.191,2
|l MZK
|r Sklad / do 24 hodin
|n 1
|p p.v.
|w 000266376
|u 000010
|a 1
|e BOA001
|j MZK50
|s P
|